RELIGIOUS EDUCATION IN THE CHURCH /

Guardado en:
Detalles Bibliográficos
Autor principal: Cope, Henry Frederick (autor)
Formato: Libro
Temas:
Etiquetas: Agrega una etiqueta
Sin etiquetas, Sé el primero en etiquetar este registro!

MARC

LEADER 00000nam^a2200000^a^4500
001 000257727
005 20250526000000.0
009 20260310110300.129
035 |a C64239 
037 |a Acervo Xavier Clavigero 
082 |a 268.  |b COP 
100 |a Cope, Henry Frederick  |e (autor) 
245 1 0 |a RELIGIOUS EDUCATION IN THE CHURCH /  |c HENRY FREDERICK COPE 
264 |a NEW YORK :  |b CHARLES SCRIBNER'S SONS,  |c 1923 
300 |a 274 p. 
336 |a texto  |b txt  |2 rdacontenido 
337 |a sin mediación  |b n  |2 rdamedio 
338 |a volumen  |b nc  |2 rdasoporte 
649 |a XX 
650 |a Educación Religiosa 
650 |a Iglesia y Educación 
910 |a Fondo Jesús Gómez Fregoso S.J. FXC 
920 |a Impresos - Libros 
930 |a Libros Antiguos y Raros 
940 |a Guerra Cristera 
905 |a 110 
901 |a 064239  |b IT2  |c LRA  |i C64239  |u 20250526 
902 |a https://opac.biblio.iteso.mx/vufind/Record/000257727